000
00246 a2200097 4500
001
13155
100
_a
Sherman,A.J.
245
_a
Art of Strategic management ; Innovative strategies
260
_a
_b
JAICO PUBLISHING HOUSE
_c
090
_c
10158
_d
10158
942
_a
NUST-CAE
_c
M
_c
179
999
_c
248228
_d
248228